Electrolytic conductance, (Record no. 2147)
[ view plain ]
| 000 -LEADER | |
|---|---|
| fixed length control field | 00412cam a22001451 4500 |
| 050 00 - LIBRARY OF CONGRESS CALL NUMBER | |
| Classification Number | QD561 |
| Item Number | .F86 |
| 100 1# - MAIN ENTRY--Author | |
| Personal name | Fuoss, Raymond M. |
| Dates associated with a name | 1905-1987. |
| 245 10 - TITLE | |
| Title | Electrolytic conductance, |
| Statement of responsibility, etc | by Raymond M. Fuoss and Filippo Accascina. |
| 250 ## - EDITIONSTATEMENT | |
| Edition statement | [English ed.]. |
| 260 ## - PUBLICATION, DISTRIBUTION, ETC.(IMPRINT) | |
| Place of publication, distribution, etc | New York, |
| Name of publisher, distributor, etc | Interscience Publishers, |
| Date of publication, distribution, etc | 1959. |
| 300 ## - PHYSICAL DESCRIPTION | |
| Extent | 279 p. |
| 650 #0 - SUBJECT--TOPIC | |
| General subdivision | Conductivity. |
| 700 1# - ADDED ENTRY--PERSONAL AUTHOR | |
| Personal Name | Accascina, Filippo, |
| 942 ## - ADDED ENTRY ELEMENTS(KOHA) | |
| Koha item type | General circulation |
| Source of classification or shelving scheme | Not for loan | Location (home branch) | Sublocation (holding branch) | Date accessioned | Cost, normal purchase price | Full call number | Barcode | Cost, replacement price | Koha item type |
|---|---|---|---|---|---|---|---|---|---|
| Library of Congress Classification | Main Campus Library | Main Campus Library | 27/08/2014 | 176.00 | QD561 .F86 | 2017/020482 | 676.00 | General circulation |